Galateo /
Wedi'i Gadw mewn:
| Prif Awdur: | |
|---|---|
| Awduron Eraill: | |
| Fformat: | Llyfr |
| Iaith: | Eidaleg |
| Cyhoeddwyd: |
Roma :
Tascabili economici Newton,
1993
|
| Cyfres: | Centopaginemillelire ;
113 |
| Tagiau: |
Dim Tagiau, Byddwch y cyntaf i dagio'r cofnod hwn!
|
MARC
| LEADER | 00000nam a22000007i 4500 | ||
|---|---|---|---|
| 001 | IT\ICCU\LO1\0337864 | ||
| 003 | ItRI | ||
| 005 | 20260126201305.0 | ||
| 008 | 940610s1993 it |||||| ||||| |||||c | ||
| 020 | |a 887983343X | ||
| 040 | |b ita |c ct | ||
| 041 | 7 | |a ita |2 ISO-639-2 | |
| 082 | |a 858.408 |2 19 | ||
| 100 | 1 | |a Della Casa, Giovanni, |d (1503-1556) |0 IT\ICCU\CFIV\089883 |4 aut | |
| 240 | 1 | 3 | |a Il Galateo |9 Della Casa, Giovanni <1503-1556> |
| 245 | 1 | 0 | |a Galateo / |c Giovanni Della Casa ; a cura di Giancarlo Rati. |
| 260 | |a Roma : |b Tascabili economici Newton, |c 1993 | ||
| 300 | |a 90 p. ; |c 20 cm | ||
| 500 | |a Edizione integrale | ||
| 700 | 1 | |a Rati, Giancarlo |0 IT\ICCU\CFIV\021634 | |
| 830 | 0 | |a Centopaginemillelire ; |v 113 |0 IT\ICCU\RAV\0196182 | |
| 942 | |2 ddc |c BK | ||
| 952 | |0 0 |1 0 |2 ddc |4 0 |6 B_SFE03DELGIGAL11 |7 0 |9 7616 |a MI |b MI |d 2012-01-09 |i 3347 |l 0 |o B-SFE03-DELGI-GAL11 |p CDOM3347 |r 2025-07-13 16:28:00 |w 2025-07-13 |x ACQUISTO |y BK | ||
| 952 | |0 0 |1 0 |4 0 |6 DOC_853_300000000000000_DEL |7 0 |9 17262 |a BO |b BO |d 2026-01-15 |i 10133 |l 0 |o DOC 853.3 DEL |p BO10133 |r 2026-01-15 23:19:35 |w 2026-01-15 |x [Sebina 5] [1 v.] |y BK |z 1 v. | ||
| 999 | |c 6306 |d 6306 | ||